000 00888cam a2200277Ia 4500
999 _c6443
_d6443
001 25716
003 GBCCL
005 20241126110603.0
008 810415s1966 mnub 000 0 eng d
035 _a30390
035 _a(OCoLC)07338907
040 _aICW
_cICW
049 _aLBBK
_c1-2
_aLBBA
_aLBBC
082 _a220.61
_bMEA
092 _a220
_bM483w
100 1 _aMears, Henrietta C.
_q(Henrietta Cornelia),
_d1890-
_911544
245 1 0 _aWhat the Bible is all about :
_ban easy to understand survey of the Bible /
_cHenrietta C. Mears.
250 _aCrusade ed.
260 _aMinneapolis :
_bBilly Graham Evangelistic Association,
_c1966.
300 _a675 p.;
_bmaps ,
_c20 cm.
500 _aPreface by Billy Graham
520 _aLloyd M. Perry Collection.
650 _aBible
_xCriticism, Interpretation, etc.
_911115
700 1 2 _aGraham, Billy,
_d1918-
_9449
942 _2ddc
_cBK
_04